Myanmar-Quiz - Statistiken

Allgemein
  • Dieses Quiz wurde 1.153 mal gespielt
  • Das Durchschnittsergebnis liegt bei 14 aus 22
Antwortstatistiken
Frage Antwort % Korrekt
Nachbarland Thailand
95%
Nachbarland Indien
94%
Hauptreligion Buddhismus
93%
Nachbarland China
93%
Nachbarland Bangladesch
91%
Alternativer Name für Myanmar Birma
90%
Nachbarland Laos
90%
Europäische Kolonialmacht von Myanmar Vereinigtes Königreich
87%
Religion, zu deren die verfolgte Rohingya-Ethnie angehört Islam
77%
Land, dessen Truppen 1942 in Myanmar einmarschierten Japan
77%
Ozeanische Gewässer, die an Myanmar grenzen Golf von {Bengalen}
69%
Hauptstadt von Myanmar Naypyidaw
63%
Myanmar ist wetweit für 90% der Produktion dieses Edelsteins verantwortlich Rubin
58%
Myanmar ist eines von drei Ländern, die offiziell dieses System nicht anwenden (die anderen sind die USA und Liberia) Metrisches System
57%
J-Wort, das eine Militärherrschaft bezeichnet, wie dies 1988-2011 in Myanmar der Fall war Junta
48%
Größte Stadt von Myanmar Rangun
47%
P-Wort, das Tempelbauten in vielen asiatischen Ländern wie Myanmar bezeichnet Pagode
43%
Ozeanische Gewässer, die an Myanmar grenzen {Andamanen}see
33%
Zweitgrößte Stadt von Myanmar Mandalay
28%
Politische Aktivistin, die 20 Jahre unter Hausarrest war {Aung} {San} Suu Kyi
22%
Längster Fluss von Myanmar Irrawaddy
18%
U.N. Generalsekretär, 1961-71 U {Thant}
16%
Keine übereinstimmenden Quizze gefunden
Verteilung der Resultate
Anzahl Personen mit jedem Resultat
Perzentil nach korrekt beantworteten Fragen
Ihre Resultats-Entwicklung
Sie haben dieses Quiz noch nicht gespielt